Guess The Disney Lyrics Quiz Stats

 Plays Quiz not verified by Sporcle

Challenge
Share
Tweet
Embed
Score 0/58 Timer 10:00
0 Plays Today
% Correct
a
96.6%
a
96.6%
and
96.6%
the
96.6%
you
92.8%
you
92.8%
you
92.8%
you
92.8%
you
92.8%
is
82.8%
is
82.8%
your
79.8%
your
79.8%
your
79.8%
your
79.8%
your
79.8%
when
76.7%
in
75.9%
in
75.9%
on
72.1%
heart
71.6%
heart
71.6%
dream
71.4%
you're
71.4%
dream
71.4%
wish
71.1%
wish
71.1%
wish
71.1%
makes
69.5%
% Correct
will
69.2%
will
69.2%
will
69.2%
if
68.7%
for
67.6%
that
66.8%
no
65.3%
asleep
63.4%
fast
62.9%
come
62.6%
come
62.6%
true
62.1%
how
61.3%
dreams
58.1%
dreams
58.1%
keep
57.6%
keep
57.6%
have
54.4%
believing
52.8%
matter
51.7%
whatever
51.2%
lose
50.9%
someday
45.6%
faith
45.1%
smiling
41.9%
rainbow
41.6%
heartaches
39.5%
grieving
39.3%
thru
23.9%

You're not logged in!

Compare scores with friends on all Sporcle quizzes.
OR
Log In

You Might Also Like...

Show Comments

Extras

Created Jan 29, 2011ReportNominate
Tags:Disney Quiz, classic

Top Quizzes Today


Score Distribution

Your Account Isn't Verified!

In order to create a playlist on Sporcle, you need to verify the email address you used during registration. Go to your Sporcle Settings to finish the process.

Report this User

Report this user for behavior that violates our Community Guidelines.

Details: